000
00292nam a22001337a 4500
020
_a
0-7214-0577-5
082
_a
823
_b
STE/T
100
_a
STEVENSON, ROBERT LOUIS
245
_a
TREASURE ISLAND
260
_a
USA
_b
LADY BIRD
300
_a
51
650
_a
ENGLISH SHORT STORY
_z
USA
942
_c
BK
999
_c
1977
_d
1977